000 00255nam a2200109Ia 4500
008 190216s9999||||xx |||||||||||||| ||und||
100 _aKapoor A N
245 0 _aHand Book Of Commercial Correspondence
260 _bNull
_c1969
300 _a342p
942 _cBK
999 _c3956
_d3956